THE FEDERAL REPUBLIC OF GERMANY: ASYUSTENT IN A SURPLUS COUNTRY / (Record no. 25873)
[ view plain ]
| 000 -الفاتح | |
|---|---|
| حقل البيانات ثابتة الطول | 00631nam a2200217Ia 4500 |
| 008 - عناصر البيانات ثابتة الطول - معلومات عامة | |
| حقل البيانات ثابتة الطول | 140319s9999 xx 000 0 eng d |
| 040 ## - مصدر الفهرسة | |
| وكالة الفهرسة الأصلية | GCL / |
| وكالة النسخ | GCL |
| 082 04 - رقم تصنيف ديوى العشرى | |
| رقم التصنيف | P |
| رقم المادة | 338.943 |
| -- | L T |
| 100 1# - المدخل الرئيسى - إسم شخصى | |
| الإسم الشخصى | KREMERS,JEROEN |
| 245 10 - بيان العنوان | |
| العنوان | THE FEDERAL REPUBLIC OF GERMANY: ASYUSTENT IN A SURPLUS COUNTRY / |
| بيان المسئوليه,etc | KREMERS,JEROEN |
| 700 1# - المدخل الاضافى - اسم شخصى | |
| الإسم الشخصى | LIPSCHITZ,LESKIE |
| 700 1# - المدخل الاضافى - اسم شخصى | |
| الإسم الشخصى | MAYER,THOMAS |
| 700 1# - المدخل الاضافى - اسم شخصى | |
| الإسم الشخصى | MCDONALD, DONOGH |
| 260 ## - PUBLICATION, DISTRIBUTION, ETC. (IMPRINT) | |
| تاريخ النشر أو التوزيع | 1989 |
| 650 04 - المدخل الاضافى بالموضوع-مصطلح موضوعى | |
| مصطلح موضوعي | ECONOMIC CONDITIONS |
| 650 04 - المدخل الاضافى بالموضوع-مصطلح موضوعى | |
| مصطلح موضوعي | ECONOMIC POLICY |
| 650 04 - المدخل الاضافى بالموضوع-مصطلح موضوعى | |
| مصطلح موضوعي | ECONOMIC FORECASTING |
| 650 04 - المدخل الاضافى بالموضوع-مصطلح موضوعى | |
| مصطلح موضوعي | GERMANY WEST |
| 942 ## - عناصر المدخل الإضافي( كوها) | |
| مصدر التصنيف او مخطط الترفيف | Dewey Decimal Classification |
| Koha [default] item type | الدوريات |
| 260 ## - PUBLICATION, DISTRIBUTION, ETC. (IMPRINT) | |
| -- | [S.N] : |
| -- | INTERNATIONAL MONETARY FUND ، |
| حالة التراجع | حالة الفقد | حالة تلف | ليس للاعارة | المكان المؤقت | الموقع الحالى | تاريخ الاكتساب | اجمالي اﻻعارات | رقم الطلب | الباركود | تاريخ اخر مشاهدة | تاريخ تفعيل السعر | نوع وعاء كوها |
|---|---|---|---|---|---|---|---|---|---|---|---|---|
| مكتبة القاهرة الكبرى | مكتبة القاهرة الكبرى | 03/26/2014 | P\338.943\L T | 45912 | 03/26/2014 | 03/26/2014 | الدوريات | |||||
| مكتبة القاهرة الكبرى | مكتبة القاهرة الكبرى | 03/26/2014 | P\338.943\L T | 45913 | 03/26/2014 | 03/26/2014 | الدوريات |

